| 000 | 00485nam a2200157 i 4500 | ||
|---|---|---|---|
| 001 | 93995 | ||
| 003 | ES-MaACL | ||
| 005 | 20230906181348.0 | ||
| 007 | t| | ||
| 008 | 050426s1973 sp ||||1| spa d | ||
| 100 | 1 |
_aLópez-Sela Díaz-Faes, María Josefa. _973977 |
|
| 245 | 1 | 0 |
_aManualizaciones _b: primer curso. Plan 1973 / _cMaría Josefa López-Sela Díaz-Faes. |
| 260 |
_aOviedo : _bLa Nueva España, _c1973. |
||
| 300 |
_a84 p. ; _c24 cm. |
||
| 852 |
_aES-MaACL _jC-55569 _bR.88386 |
||
| 999 |
_c93995 _d93995 |
||